| 000 | 00826nam a2200241 i 4500 | ||
|---|---|---|---|
| 001 | 20838 | ||
| 003 | ES-MaACL | ||
| 005 | 20260216063016.0 | ||
| 007 | t| | ||
| 008 | 021119s1969 mx ||||1| spa d | ||
| 100 | 1 |
_aAlamán, Lucas, _d1792-1853 _919094 |
|
| 245 | 1 | 0 |
_aDisertaciones / _cLucas Alaman. |
| 250 | _a2ª ed. | ||
| 260 |
_aMéxico : _bEd. Jus, _c1969. |
||
| 300 |
_a1 vol (XXI, 361 p.) : _bil. ; _c23 cm. |
||
| 490 | 1 |
_aColección "México heróico" ; _v83 |
|
| 594 | _aPrecede al tít: Obras de D. Lucas Alaman. | ||
| 651 | 4 |
_aMéxico- _xHistoria- _y1517-1521, Descubrimiento y conquista. _9136484 |
|
| 651 | 4 |
_aMéxico- _xHistoria- _y1521-1821, Época colonial. _9158070 |
|
| 830 | 0 |
_aColección "México heróico" ; _v83 _9180738 |
|
| 852 |
_aES-MaACL _jE-9910 _bR.94175 |
||
| 999 |
_c20838 _d20838 |
||